000 00782nam a22002417a 4500
008 240608b mp ||||| |||| 00| 0 mon d
020 _a978-99973-1-112-2
035 _a18911
040 _aDU1548031
_bmon
_cMN-UlNLM
_dMN-UlNLM
_erda
041 _amon
042 _a45927
084 _2NNA
_a84
_bС-88
100 _aАнна Сьюэлл
245 0 _aХилэн хар
264 _aУлаанбаатар
_bАДМОН ПРИНТ ХХК
_c2015
300 _a335
336 _2rdacontent
_atext
_btxt
337 _2rdamedia
_aunmediated
_bn
338 _2rdacarrier
_avolume
_bnc
650 _aхүүхдийн шилдэг зохиол хүүхдийн уран зохиол тууж
942 _2NNA
_cBK
999 _c843699
_d843756